Anthropologie des communautes andines equatoriennes : entre diable et patron

Αποθηκεύτηκε σε:
Λεπτομέρειες βιβλιογραφικής εγγραφής
Κύριος συγγραφέας: Cliche, Paul 1954-
Μορφή: Βιβλίο
Γλώσσα:French
Δημοσίευση: Paris : Montral : L'Harmattan, Recherches amerindiennes au Quebec, c1995
Σειρά:Recherches & documents. Amerique latine
Θέματα:
Ετικέτες: Προσθήκη ετικέτας
Δεν υπάρχουν, Καταχωρήστε ετικέτα πρώτοι!

MARC

LEADER 00000cam a2200000 i 4500
001 1/26355
008 981217s1995 fre d
020 |a 2-7384-3031-7 (L'Harmattan) 
020 |a 2-920366-15-7 (RAQ) 
035 |l 10037560 
040 |a GR-MY-UA  |b gre  |e aacr 
041 0 |a fre 
082 0 |a 306.0986613 
100 1 |a Cliche, Paul  |d 1954- 
245 1 0 |a Anthropologie des communautes andines equatoriennes :  |b entre diable et patron /  |c Paul Cliche ; preface de Roberto Santana 
260 |a Paris :   |a Montral :   |b L'Harmattan,   |b Recherches amerindiennes au Quebec,   |c c1995 
300 |a 284 p. 
490 1 |a Recherches & documents 
650 0 0 |a Indians of South America  |z Ecuador  |z Pichincha (Province)  |x Social conditions. 
650 0 0 |a Peasantry  |z Ecuador  |z Pichincha (Province) 
650 0 0 |a Community organization  |z Ecuador  |z Pichincha (Province) 
650 0 0 |a Rural development projects  |z Ecuador  |z Pichincha (Province) 
650 0 0 |a Rural development projects  |z Ecuador. 
651 0 |a Pichincha (Ecuador: Province)  |x Social conditions. 
651 0 |a Pichincha (Ecuador: Province)  |x Rural conditions. 
830 0 |a Recherches & documents. Amerique latine 
852 |a INST  |b LESVOS  |e 19981217  |h 306.0986613 CLI  |p 005100021552  |q 005100021552  |t BK  |y 0 
901 |a BIBL1-2000-2 
909 |a Λ  |b 060793 
922 |a 1ΕΛΗ  |b 199811  |c ΚΠΣ/ΤΚΑ  |d ΠΑΠΑΣΩΤΗΡΙΟΥ 
950 |a 117-1998-07-08 
970 |z 2000/07/ΔΕΜΕΝΑΓΑΣ